Statistiken für Dinge die mit V anfangen (Kenshin Edition)

Klicken Sie hier um das Quiz zu spielen!

Allgemein

  • Dieses Quiz wurde 162 mal gespielt
  • Das Durchschnittsergebnis liegt bei 13 aus 16

Antwortstatistiken

Antwort% Korrekt
Violine
99%
Vater
98%
Ventilator
98%
Venezuela
97%
Vulkan
97%
Vietnam
96%
Vatikan
95%
Vampir
90%
Venedig
89%
Vogelspinne
89%
Vanille
87%
Viper
86%
Vanuatu
61%
Valencia
60%
Venlo
23%
Vierauge
9%

Verteilung der Resultate

Perzentil nach korrekt beantworteten Fragen

Anzahl Personen mit jedem Resultat

Ihre Resultats-Entwicklung

Sie haben dieses Quiz noch nicht gespielt